Desde el Viyil y otras crónicas / (Record no. 192677)

MARC details
000 -LEADER
campo de control de longitud fija 00927nam a2200289 i 4500
001 - NÚMERO DE CONTROL
campo de control 192677
003 - IDENTIFICADOR DE NÚMERO DE CONTROL
campo de control SpMaBN
005 - FECHA Y HORA DE LA ÚLTIMA TRANSACCIÓN
campo de control 20240528062746.0
008 - DATOS DE LONGITUD FIJA--INFORMACIÓN GENERAL
campo de control de longitud fija 230516s2008 sp | |||| 000 p spa
017 ## - NÚMERO DE COPYRIGHT O DE DEPÓSITO LEGAL
Número de copyright o de depósito legal M 22394-2008
Agencia que asigna Oficina Depósito Legal Madrid
020 ## - NÚMERO INTERNACIONAL ESTÁNDAR DEL LIBRO
Número Internacional Estándar del Libro 9788496464933
035 ## - NÚMERO DE CONTROL DEL SISTEMA
Número de control de sistema (OCoLC)268784712
040 ## - FUENTE DE CATALOGACIÓN
Centro catalogador/agencia de origen SpMaBN
Lengua de catalogación spa
Centro/agencia transcriptor ES-MaACL
Normas de descripción rda
080 ## - NÚMERO DE LA CLASIFICACIÓN DECIMAL UNIVERSAL
Número de la Clasificación Decimal Universal 821.134.2-14"19"
100 1# - ENTRADA PRINCIPAL--NOMBRE DE PERSONA
Nombre de persona Zamora Loboch, Francisco,
Fechas asociadas al nombre 1948-
9 (RLIN) 176546
Término indicativo de función/relación Autor
245 10 - MENCIÓN DEL TÍTULO
Título Desde el Viyil y otras crónicas /
Mención de responsabilidad, etc. Francisco Zamora Loboch
260 ## - PUBLICACIÓN, DISTRIBUCIÓN, ETC.
Lugar de publicación, distribución, etc. Madrid :
Nombre del editor, distribuidor, etc. SIAL,
Fecha de publicación, distribución, etc. [2008]
300 ## - DESCRIPCIÓN FÍSICA
Extensión 68 páginas ;
Dimensiones 21 cm
490 1# - MENCIÓN DE SERIE
Mención de serie Casa de África ;
Designación de volumen o secuencia 31
500 ## - NOTA GENERAL
Nota general Índice
655 #7 - TERMINO DE INDIZACIÓN--GENERO/FORMA
Datos o término principal de género/forma Poesías
Fuente del término tgfbne
9 (RLIN) 176539
830 #0 - PUNTO DE ACCESO ADICIONAL DE SERIE-TÍTULO UNIFORME
Título uniforme Casa de África ;
9 (RLIN) 176545
Designación de volumen o secuencia 31
852 ## - LOCALIZACIÓN
Ubicación ES-MaACL
Sublocalización o colección R.153226
Ubicación en estantería Depósito J
Donativo/Legado Donación: Editorial
Número de control de estantería N-8314
itemnumber 199973
942 ## - ELEMENTOS DE ENTRADA SECUNDARIOS (KOHA)
Suprimir en OPAC No
Tipo de ítem Koha Libro impreso
Holdings
Estatus retirado Estado de pérdida Fuente del sistema de clasificación o colocación Estado de daño No para préstamo Biblioteca de origen Biblioteca actual Ubicación en estantería Fecha de adquisición Fuente de adquisición Total de préstamos Signatura topográfica completa Código de barras Visto por última vez Tipo de ítem Koha
    Clasificación decimal universal     Biblioteca del Ateneo de Madrid Biblioteca del Ateneo de Madrid Depósito J 01/12/2021 Donación   N-8314 101205246 11/05/2023 Libro impreso